TH-SOF-1559-Design and Development of Efficient Insulated Tanker / Container with Automatic Temperature Sensing Steam System for Transportation and Unloading of Low Melting Point Liquids (Record no. 576723)
[ view plain ]
| 000 -LEADER | |
|---|---|
| fixed length control field | 00492nam a22001217a 4500 |
| 082 ## - DEWEY DECIMAL CLASSIFICATION NUMBER | |
| Classification number | 200 THE |
| 100 ## - MAIN ENTRY--PERSONAL NAME | |
| Personal name | Zubair Khan |
| 9 (RLIN) | 69449 |
| 245 ## - TITLE STATEMENT | |
| Title | TH-SOF-1559-Design and Development of Efficient Insulated Tanker / Container with Automatic Temperature Sensing Steam System for Transportation and Unloading of Low Melting Point Liquids |
| 260 ## - PUBLICATION, DISTRIBUTION, ETC. | |
| Place of publication, distribution, etc. | ISLAMABAD |
| Name of publisher, distributor, etc. | NUST COLLEGE OF EME |
| Date of publication, distribution, etc. | 2018 |
| 650 ## - SUBJECT ADDED ENTRY--TOPICAL TERM | |
| Topical term or geographic name entry element | MS-MTS-82 MSTHESIS |
| 9 (RLIN) | 69450 |
| 700 ## - ADDED ENTRY--PERSONAL NAME | |
| Personal name | Advisor Dr. Mohsin Islam Tiwana |
| 9 (RLIN) | 69451 |
| 942 ## - ADDED ENTRY ELEMENTS (KOHA) | |
| Koha item type | Computer Files |
| Withdrawn status | Lost status | Damaged status | Not for loan | Collection code | Permanent Location | Current Location | Shelving location | Date acquired | Total Checkouts | Full call number | Barcode | Date last seen | Price effective from | Koha item type |
|---|---|---|---|---|---|---|---|---|---|---|---|---|---|---|
| College of Electrical & Mechanical Engineering (CEME) | College of Electrical & Mechanical Engineering (CEME) | Reference | 12/20/2019 | 200 THE | TH-SOF-1559 | 06/28/2021 | 06/28/2021 | Computer Files |
